[Event "WA Class - Master Section"]
[Site "Redmond, WA"]
[Date "2008.11.30"]
[Round "5"]
[White "Makinen, Janne"]
[Black "Pupols, Viktors"]
[Result "0-1"]
[WhiteElo "1940"]
[BlackElo "2208"]
[PlyCount "68"]
[EventDate "2008.11.30"]
[EventCountry "USA"]
[Source "Bulletin"]
[SourceDate "2009.02.10"]

1. d4 d5 2. c4 e6 3. Nc3 Nf6 4. cxd5 exd5 5. Bg5 Be7 6. e3 h6 7. Bh4 O-O 8. Bd3
c6 9. Qc2 Ne8 10. Bxe7 Qxe7 11. Nxd5 cxd5 12. Qxc8 Nc6 13. Qxa8 Qb4+ 14. Kf1
Nf6 15. Qxf8+ Kxf8 16. Rd1 Qxb2 17. g3 Nb4 18. Kg2 Nxd3 19. Rxd3 Qc2 20. Ra3
Ng4 21. Nh3 Qe4+ 22. Kg1 a6 23. Rb3 b5 24. Ra3 Qb1+ 25. Kg2 Qb2 26. Rxa6 Nxe3+
27. Kf3 Qxd4 28. Rc1 Qe4+ 29. Ke2 Nc4+ 30. Kf1 d4 31. a4 d3 32. axb5 Qh1+ 33.
Ng1 Nd2+ 34. Ke1 Nf3+ 0-1

[Event "WA Class - Master Section"]
[Site "Redmond, WA"]
[Date "2008.11.28"]
[Round "1"]
[White "Chen, Howard"]
[Black "Pupols, Viktors"]
[Result "1-0"]
[WhiteElo "2039"]
[BlackElo "2208"]
[PlyCount "133"]
[EventDate "2008.11.30"]
[EventCountry "USA"]
[Source "Bulletin"]
[SourceDate "2009.02.10"]

1. e4 d6 2. d4 Nf6 3. Nc3 Nbd7 4. Be3 e5 5. Nf3 Be7 6. h3 O-O 7. Bd3 c6 8. O-O
b5 9. dxe5 dxe5 10. a4 b4 11. Ne2 Qc7 12. Ng3 Nc5 13. Bxc5 Bxc5 14. Bc4 a5 15.
Qe2 Nd7 16. Qd2 Nb6 17. Bb3 Qe7 18. Rfe1 Kh8 19. Rad1 g6 20. Nf1 Ba6 21. Qh6 f6
22. Ne3 Qg7 23. Qh4 Be7 24. Qg4 Bc8 25. Qg3 Bc5 26. Nc4 Nxc4 27. Bxc4 Bb7 28.
Rd2 Rad8 29. Red1 Bb6 30. h4 Qe7 31. h5 g5 32. Rxd8 Rxd8 33. Rxd8+ Bxd8 34. Qg4
Bb6 35. b3 Bc5 36. Qf5 Bb6 37. Nh2 Kg7 38. Ng4 Bd8 39. h6+ Kh8 40. g3 Qd6 41.
Qe6 Qxe6 42. Bxe6 Ba6 43. f3 Be2 44. Kg2 Be7 45. Bd7 Ba6 46. Bxc6 Bc8 47. Ne3
Kg8 48. Bd5+ Kf8 49. Nc4 Bd8 50. g4 Ba6 51. Ne3 Bb6 52. Nf5 Bc5 53. Ng7 Bb6 54.
Nh5 Bd8 55. Kf2 Bb6+ 56. Ke1 Bd8 57. Kd2 Be7 58. Ng7 Bd6 59. Ke1 Bc8 60. Bc4
Bc5 61. Kd2 Bd6 62. Kd3 Bc5 63. Bb5 Bb6 64. Kc4 Ke7 65. Kd5 Bb7+ 66. Bc6 Bxc6+
67. Kxc6 1-0

[Event "WA Class - Master Section"]
[Site "Redmond, WA"]
[Date "2008.11.30"]
[Round "5"]
[White "Sinanan, Josh"]
[Black "Perez, Ignacio"]
[Result "1-0"]
[WhiteElo "2188"]
[BlackElo "2320"]
[PlyCount "85"]
[EventDate "2008.11.30"]
[EventCountry "USA"]
[Source "Bulletin"]
[SourceDate "2009.02.10"]

1. Nf3 Nf6 2. c4 g6 3. Nc3 Bg7 4. e4 d6 5. d4 O-O 6. Be2 e5 7. O-O Nc6 8. d5
Ne7 9. b4 Nh5 10. Re1 a5 11. Ba3 axb4 12. Bxb4 b6 13. a4 Nf4 14. Bf1 f5 15. h3
fxe4 16. Nxe4 Nf5 17. g3 Nh5 18. g4 Nf4 19. gxf5 gxf5 20. Ng3 e4 21. Bd2 Ng6
22. Bg5 Qd7 23. Nd4 Bxd4 24. Qxd4 Ne5 25. Qe3 Nf3+ 26. Kh1 Nxe1 27. Rxe1 Qf7
28. Qf4 Rxa4 29. Be2 Ra3 30. Rg1 Kh8 31. Bh6 Rg8 32. Qc1 Raxg3 33. fxg3 Qe7 34.
Be3 Rf8 35. Bd4+ Kg8 36. Qf4 Qf7 37. g4 fxg4 38. Bxg4 Qg6 39. Qe3 Kf7 40. Rf1+
Ke7 41. Rxf8 Bxg4 42. Rf6 Qh5 43. Qxe4+ 1-0

[Event "WA Class - Master Section"]
[Site "Redmond, WA"]
[Date "2008.11.28"]
[Round "2"]
[White "Pupols, Viktors"]
[Black "McMillan, Charles"]
[Result "1-0"]
[WhiteElo "2208"]
[BlackElo "2082"]
[PlyCount "103"]
[EventDate "2008.11.30"]
[EventCountry "USA"]
[Source "Bulletin"]
[SourceDate "2009.02.10"]

1. d4 Nf6 2. c4 g6 3. Nc3 Bg7 4. e4 d6 5. Be2 O-O 6. Nf3 e5 7. O-O Nc6 8. d5
Ne7 9. Ne1 Nd7 10. f3 f5 11. g4 Kh8 12. Rf2 Ng8 13. Rg2 Bf6 14. g5 Be7 15. f4
fxe4 16. Nxe4 Rf7 17. Nd3 Bf8 18. Bg4 Bg7 19. Be6 Re7 20. f5 gxf5 21. Bxf5 Nf8
22. Qg4 Bxf5 23. Qxf5 Qd7 24. Qxd7 Rxd7 25. Bd2 Ng6 26. Rf1 Rf8 27. Rxf8 Bxf8
28. Rf2 Bg7 29. Kg2 h6 30. Kg3 hxg5 31. Bxg5 Bh6 32. h4 Kg7 33. Kg4 Bxg5 34.
hxg5 N6e7 35. Nf6 Rd8 36. Rf1 c6 37. dxc6 bxc6 38. Nh5+ Kg6 39. c5 Nd5 40. Re1
Ngf6+ 41. Nxf6 Nxf6+ 42. gxf6 Kxf6 43. cxd6 Rxd6 44. Nc5 Rd4+ 45. Kf3 Kf5 46.
Ke3 Rb4 47. Rf1+ Kg5 48. Ne4+ Kg6 49. b3 a5 50. Rf6+ Kg7 51. Rxc6 a4 52. Rc4
1-0

[Event "WA Class - Master Section"]
[Site "Redmond, WA"]
[Date "2008.11.28"]
[Round "2"]
[White "Rupel, David"]
[Black "Smith, Allen S"]
[Result "0-1"]
[WhiteElo "2098"]
[BlackElo "2002"]
[PlyCount "52"]
[EventDate "2008.11.30"]
[EventCountry "USA"]
[Source "Bulletin"]
[SourceDate "2009.02.10"]

1. d4 d5 2. Nf3 Nf6 3. g3 e6 4. c4 c6 5. Nbd2 Nbd7 6. Bg2 Bd6 7. O-O O-O 8. Qc2
Re8 9. e4 dxe4 10. Nxe4 Nxe4 11. Qxe4 e5 12. Re1 Nf6 13. Qh4 exd4 14. Rxe8+
Qxe8 15. Qxd4 Bc7 16. Bg5 Bd8 17. Re1 Qf8 18. Qc3 Bf5 19. Nd4 Bg6 20. Qb3 Bb6
21. Bxf6 gxf6 22. Nc2 Rd8 23. Qc3 Qc5 24. Re2 Rd1+ 25. Bf1 Bd3 26. b4 Rxf1+ 0-1

[Event "WA Class - Master Section"]
[Site "Redmond, WA"]
[Date "2008.11.29"]
[Round "3"]
[White "Lee, Michael"]
[Black "Sinanan, Josh"]
[Result "1/2-1/2"]
[WhiteElo "2326"]
[BlackElo "2188"]
[PlyCount "129"]
[EventDate "2008.11.30"]
[EventCountry "USA"]
[Source "Bulletin"]
[SourceDate "2009.02.10"]

1. c4 e5 2. Nc3 Nf6 3. g3 Bb4 4. Bg2 O-O 5. e4 Bxc3 6. bxc3 c6 7. Ba3 Re8 8.
Qb3 Na6 9. Ne2 d6 10. d3 Nc5 11. Qc2 b6 12. O-O Bb7 13. Rab1 Qc7 14. f4 Rad8
15. h3 Nfd7 16. Rf2 f6 17. h4 Nf8 18. Rbf1 Bc8 19. Bf3 Bh3 20. Rd1 Be6 21. g4
Bf7 22. Bg2 Ng6 23. g5 fxg5 24. hxg5 exf4 25. Nxf4 Nxf4 26. Rxf4 Ne6 27. Rf2
Nxg5 28. Bc1 Qe7 29. Rf5 Ne6 30. Rdf1 Bg6 31. R5f3 Rf8 32. Rxf8+ Rxf8 33. Rxf8+
Nxf8 34. Qf2 Nd7 35. Qg3 Ne5 36. Bf4 c5 37. Qh3 Be8 38. Qg3 Bd7 39. Bf1 Nf7 40.
Bg2 Qf6 41. Bd2 h5 42. Be1 g5 43. Qe3 Ne5 44. d4 Ng4 45. Qd2 Be6 46. Bg3 Bxc4
47. e5 dxe5 48. dxe5 Nxe5 49. Qe3 Nf7 50. a3 Be6 51. Qe4 Kg7 52. Qe3 h4 53. Bh2
g4 54. Bf4 g3 55. Be4 Bc4 56. Bc2 Qe6 57. Qd2 Qe2 58. Qxe2 Bxe2 59. Kg2 Bg4 60.
Bb3 Nh6 61. Bc2 Nf5 62. Bxf5 Bxf5 63. Bg5 h3+ 64. Kxg3 b5 65. Be3 1/2-1/2

[Event "WA Class - Master Section"]
[Site "Redmond, WA"]
[Date "2008.11.28"]
[Round "2"]
[White "Sinanan, Josh"]
[Black "Roper, David"]
[Result "1-0"]
[WhiteElo "2188"]
[BlackElo "2279"]
[PlyCount "67"]
[EventDate "2008.11.30"]
[EventCountry "USA"]
[Source "Bulletin"]
[SourceDate "2009.02.10"]

1. Nf3 f5 2. c4 Nf6 3. Nc3 g6 4. g3 Bg7 5. Bg2 d6 6. d4 c6 7. O-O O-O 8. Rb1
Na6 9. b4 Nc7 10. Qb3 Ne4 11. Be3 Nxc3 12. Qxc3 Qe8 13. Qd2 Bd7 14. a4 a6 15.
a5 d5 16. Bf4 Ne6 17. Be5 Rd8 18. cxd5 cxd5 19. Bxg7 Kxg7 20. Ne5 Bb5 21. Rfc1
g5 22. e3 Rd6 23. f4 g4 24. Kf2 h5 25. h3 h4 26. Rh1 hxg3+ 27. Kxg3 gxh3 28.
Rxh3 Rh8 29. Rxh8 Qxh8 30. Rh1 Qc8 31. Rh5 Nf8 32. Rg5+ Kh7 33. Bh3 e6 34. Qh2
1-0

[Event "WA Class - Master Section"]
[Site "Redmond, WA"]
[Date "2008.11.30"]
[Round "5"]
[White "Roper, David"]
[Black "Rupel, David"]
[Result "1-0"]
[WhiteElo "2279"]
[BlackElo "2098"]
[PlyCount "32"]
[EventDate "2008.11.30"]
[EventCountry "USA"]
[Source "Bulletin"]
[SourceDate "2009.02.10"]

1. e4 c5 2. Nf3 g6 3. c3 Bg7 4. Bc4 e6 5. O-O Ne7 6. Bb3 d5 7. e5 O-O 8. d4 h6
9. Re1 Qc7 10. Nbd2 Nd7 11. Nf1 b5 12. Bf4 Kh7 13. Qd2 Nb6 14. Ne3 Nc4 15. Bxc4
dxc4 16. Ng4 Ng8 1-0

[Event "WA Class - Master Section"]
[Site "Redmond, WA"]
[Date "2008.11.29"]
[Round "3"]
[White "Guo, Alex"]
[Black "Rupel, David"]
[Result "0-1"]
[WhiteElo "2091"]
[BlackElo "2098"]
[PlyCount "34"]
[EventDate "2008.11.30"]
[EventCountry "USA"]
[Source "Bulletin"]
[SourceDate "2009.02.10"]

1. c4 Nf6 2. Nc3 c5 3. g3 e6 4. Bg2 d5 5. cxd5 exd5 6. d4 cxd4 7. Qxd4 Nc6 8.
Qa4 d4 9. Nb5 Bb4+ 10. Kf1 O-O 11. Bg5 h6 12. Bxf6 Qxf6 13. Nc7 Rb8 14. Nd5 Qd6
15. a3 Bc5 16. b4 Bb6 17. Rd1 Ne5 {remaining moves indecipherable} 0-1

[Event "WA Class - Master Section"]
[Site "Redmond, WA"]
[Date "2008.11.30"]
[Round "6"]
[White "Rupel, David"]
[Black "Chen, Howard"]
[Result "1/2-1/2"]
[WhiteElo "2098"]
[BlackElo "2039"]
[PlyCount "76"]
[EventDate "2008.11.30"]
[EventCountry "USA"]
[Source "Bulletin"]
[SourceDate "2009.02.10"]

1. d4 d5 2. Nf3 Nf6 3. c4 e6 4. cxd5 exd5 5. Nc3 c6 6. Bf4 Bf5 7. e3 Be7 8. Be2
O-O 9. Ne5 Nbd7 10. O-O Nxe5 11. Bxe5 Re8 12. Bd3 Qd7 13. Qc2 Bxd3 14. Qxd3 Ng4
15. Bf4 Bd6 16. h3 Bxf4 17. exf4 Nf6 18. Rae1 Qd6 19. g3 Re7 20. Re5 Nd7 21.
Re3 Rae8 22. Rfe1 Nf6 23. Re5 Re6 24. a3 Nd7 25. Rxe6 Rxe6 26. Rxe6 Qxe6 27.
Kg2 Qg6 28. f5 Qd6 29. Ne2 Nb6 30. Nf4 Nc4 31. Qe2 Kf8 32. Qg4 Nb6 {
here the remaining moves were hard to figure out. I guessed:} 33. Nh5 g6 34.
Nf4 Qf6 35. fxg6 hxg6 36. Nd3 Nc4 37. h4 Nd6 38. h5 Nf5 {
and here the remaining moves were completely indecipherable.} 1/2-1/2

[Event "WA Class - Expert Section"]
[Site "Redmond, WA"]
[Date "2008.11.30"]
[Round "5"]
[White "Countryman, Zachary"]
[Black "Wilson, Matthew"]
[Result "1/2-1/2"]
[WhiteElo "1836"]
[BlackElo "1863"]
[PlyCount "37"]
[EventDate "2008.11.30"]
[EventCountry "USA"]
[Source "Bulletin"]
[SourceDate "2009.02.10"]

1. e4 c5 2. Nf3 a6 3. c3 d5 4. e5 Bg4 5. d4 e6 6. Qa4+ Qd7 7. Qxd7+ Nxd7 8. Be3
Bxf3 9. gxf3 cxd4 10. cxd4 Ne7 11. Bd3 Nc6 12. a3 Be7 13. Rg1 g6 14. Nd2 Bd8
15. f4 Rc8 16. Rc1 Ne7 17. Rxc8 Nxc8 18. Ke2 Ne7 19. b4 1/2-1/2

[Event "WA Class - Expert Section"]
[Site "Redmond, WA"]
[Date "2008.11.30"]
[Round "6"]
[White "Esler, Brian"]
[Black "Wang, Michael"]
[Result "1-0"]
[WhiteElo "1942"]
[BlackElo "1960"]
[PlyCount "87"]
[EventDate "2008.11.30"]
[EventCountry "USA"]
[Source "Bulletin"]
[SourceDate "2009.02.10"]

1. e4 c5 2. Nf3 d6 3. d4 cxd4 4. Nxd4 Nf6 5. Nc3 a6 6. Bg5 e6 7. f4 Be7 8. Qf3
Qc7 9. O-O-O b5 10. g4 Bb7 11. Bd3 Nbd7 12. Rhe1 Nc5 13. Bxf6 Bxf6 14. Nce2 b4
15. g5 Be7 16. h4 Rb8 17. f5 e5 18. f6 exd4 19. fxe7 Ne6 20. Nf4 Nxf4 21. Qxf4
Qxe7 22. e5 d5 23. h5 g6 24. Rg1 Qe6 25. Qxd4 O-O 26. h6 Rfe8 27. Rde1 Bc8 28.
Rgf1 Bd7 29. Rf6 Qg4 30. Qxg4 Bxg4 31. Rxa6 Kf8 32. Kd2 Re7 33. Rd6 Ra8 34.
Rxd5 Rxa2 35. Rd8+ Re8 36. Rxe8+ Kxe8 37. Re4 Be6 38. Rxb4 Ra5 39. Rb5 Ra1 40.
Rb8+ Ke7 41. Bb5 f5 42. gxf6+ Kf7 43. Be8+ Kg8 44. Bxg6+ 1-0

[Event "WA Class - Expert Section"]
[Site "Redmond, WA"]
[Date "2008.11.30"]
[Round "6"]
[White "Huang, Richard"]
[Black "MacGregor, Michael"]
[Result "0-1"]
[WhiteElo "2002"]
[BlackElo "2186"]
[PlyCount "130"]
[EventDate "2008.11.30"]
[EventCountry "USA"]
[Source "Bulletin"]
[SourceDate "2009.02.10"]

1. Nf3 Nf6 2. g3 g6 3. Bg2 Bg7 4. O-O d5 5. c4 c6 6. cxd5 cxd5 7. d4 O-O 8. Nc3
Ne4 9. Qb3 Nxc3 10. bxc3 Nc6 11. Nd2 e6 12. Ba3 Re8 13. e3 Na5 14. Qb2 b6 15.
Bb4 Ba6 16. Rfc1 Nc4 17. Qc2 Nxd2 18. Qxd2 Bc4 19. Bf1 Rc8 20. Re1 Qc7 21. Rac1
Bh6 22. Ba3 Qd7 23. Bxc4 Rxc4 24. Kg2 Rec8 25. h4 Qc6 26. Bb2 e5 27. f4 e4 28.
g4 Bf8 29. a3 b5 30. Rh1 a5 31. Kg3 b4 32. cxb4 axb4 33. axb4 Bxb4 34. Qe2 Qa4
35. Qd1 Qxd1 36. Rhxd1 Rxc1 37. Rxc1 Rxc1 38. Bxc1 Be1+ 39. Kh3 h5 40. gxh5
gxh5 41. Kg2 Kg7 42. Kf1 Bxh4 43. Bd2 Be7 44. Kg2 Kg6 45. Kg3 Kf5 46. Kh3 Bf6
47. Bc3 Ke6 48. Be1 Kd7 49. Bh4 Bg7 50. Bf2 Kc6 51. Kh4 Kb5 52. Kxh5 Kc4 53.
Kg5 Kd3 54. f5 Ke2 55. Bg3 Kxe3 56. Be5 Bf8 57. Kf6 Kf3 58. Kxf7 Ba3 59. Bc7 e3
60. Ba5 Ke4 61. Kg6 Kxd4 62. f6 Ke4 63. Bd8 e2 64. Be7 e1=Q 65. Bxa3 Qg3+ 0-1

[Event "WA Class - Expert Section"]
[Site "Redmond, WA"]
[Date "2008.11.29"]
[Round "3"]
[White "Huang, Richard"]
[Black "Wilson, Matthew"]
[Result "1/2-1/2"]
[WhiteElo "2002"]
[BlackElo "1863"]
[PlyCount "70"]
[EventDate "2008.11.30"]
[EventCountry "USA"]
[Source "Bulletin"]
[SourceDate "2009.02.10"]

1. c4 c5 2. Nc3 Nf6 3. Nf3 e6 4. g3 b6 5. Bg2 Bb7 6. O-O d6 7. d4 cxd4 8. Qxd4
a6 9. e4 Be7 10. Rd1 Nbd7 11. Qe3 Qc8 12. Qe2 Qc7 13. Bf4 Rc8 14. Nd2 O-O 15.
Rac1 Rfd8 16. b3 Qb8 17. Nf1 Bc6 18. Nd5 Bf8 19. Nxf6+ Nxf6 20. e5 Bxg2 21.
Kxg2 dxe5 22. Bxe5 Qb7+ 23. Qf3 Qxf3+ 24. Kxf3 Nd7 25. Bd4 e5 26. Be3 Nc5 27.
Bxc5 Bxc5 28. Rd5 Bd4 29. Rd1 Rxd5 30. cxd5 f5 31. Ne3 Bxe3 32. Kxe3 Kf7 33. f4
Rc3+ 34. Kd2 Rc5 35. Ke3 Rc3+ 1/2-1/2

[Event "WA Class - Expert Section"]
[Site "Redmond, WA"]
[Date "2008.11.30"]
[Round "5"]
[White "Kalina, Chris"]
[Black "Esler, Brian"]
[Result "0-1"]
[WhiteElo "1961"]
[BlackElo "1942"]
[PlyCount "44"]
[EventDate "2008.11.30"]
[EventCountry "USA"]
[Source "Bulletin"]
[SourceDate "2009.02.10"]

1. d4 Nf6 2. Nf3 g6 3. Bg5 Bg7 4. c4 h6 5. Bh4 O-O 6. Nc3 d6 7. e3 c5 8. Be2
Na6 9. O-O g5 10. Bg3 Nh5 11. Qc2 Nxg3 12. hxg3 g4 13. Nh4 cxd4 14. exd4 Nb4
15. Qd2 Nc6 16. Qf4 Nxd4 17. Bd3 e5 18. Qe4 f5 19. Qd5+ Be6 20. Qxb7 Rb8 21.
Qxa7 e4 22. Be2 Rxb2 {remaining moves indecipherable} 0-1

[Event "WA Class - Expert Section"]
[Site "Redmond, WA"]
[Date "2008.11.28"]
[Round "2"]
[White "Kalina, Chris"]
[Black "MacGregor, Michael"]
[Result "0-1"]
[WhiteElo "1961"]
[BlackElo "2186"]
[PlyCount "106"]
[EventDate "2008.11.30"]
[EventCountry "USA"]
[Source "Bulletin"]
[SourceDate "2009.02.10"]

1. d4 Nf6 2. c4 g6 3. Nc3 d5 4. cxd5 Nxd5 5. e4 Nxc3 6. bxc3 Bg7 7. Be3 c5 8.
Bc4 O-O 9. Ne2 Nc6 10. Rc1 cxd4 11. cxd4 Qa5+ 12. Kf1 Qa3 13. Qb3 Qxb3 14. Bxb3
Bd7 15. f3 Rfc8 16. Kf2 Na5 17. d5 Nxb3 18. axb3 a5 19. Bd4 b5 20. Bxg7 Kxg7
21. Nd4 a4 22. bxa4 bxa4 23. Rxc8 Rxc8 24. Ra1 Ra8 25. Ra3 Kf8 26. Ke3 e5 27.
dxe6 fxe6 28. e5 g5 29. g3 Ke7 30. Ne2 Kd8 31. Nc3 Kc7 32. Kd4 Kb6 33. Ne4 Ra5
34. Nc3 Bc6 35. f4 gxf4 36. gxf4 Ra8 37. Kc4 Ka5 38. Na2 Bd5+ 39. Kc5 Rc8+ 40.
Kd6 Rc2 41. Nc3 Kb4 42. Rxa4+ Kxc3 43. f5 Bb3 44. Rh4 Rd2+ 45. Ke7 exf5 46.
Rxh7 Kd4 47. Kf6 Ke4 48. e6 Rd6 49. Rh4+ f4 50. Kg5 Rd5+ 51. Kf6 Rf5+ 52. Ke7
Re5 53. Rh6 Rxe6+ 0-1

[Event "WA Class - Expert Section"]
[Site "Redmond, WA"]
[Date "2008.11.29"]
[Round "3"]
[White "MacGregor, Michael"]
[Black "Gay, Daniel"]
[Result "1-0"]
[WhiteElo "2186"]
[BlackElo "1987"]
[PlyCount "41"]
[EventDate "2008.11.30"]
[EventCountry "USA"]
[Source "Bulletin"]
[SourceDate "2009.02.10"]

1. e4 c5 2. Nf3 d6 3. d4 cxd4 4. Nxd4 Nf6 5. Nc3 a6 6. Bc4 e6 7. O-O b5 8. Bb3
Nbd7 9. Bg5 Nc5 10. Qe2 Bb7 11. Rad1 b4 12. e5 bxc3 13. exf6 gxf6 14. Bc1 cxb2
15. Bxb2 h5 16. Rfe1 d5 17. c4 Be7 18. cxd5 Nxb3 19. Nc6 Bxc6 20. dxc6 Qc7 21.
Rd7 {remaining moves indecipherable} 1-0

[Event "WA Class - Expert Section"]
[Site "Redmond, WA"]
[Date "2008.11.30"]
[Round "5"]
[White "MacGregor, Michael"]
[Black "Tezcan, Yaman"]
[Result "1/2-1/2"]
[WhiteElo "2186"]
[BlackElo "1854"]
[PlyCount "89"]
[EventDate "2008.11.30"]
[EventCountry "USA"]
[Source "Bulletin"]
[SourceDate "2009.02.10"]

1. e4 c5 2. d4 cxd4 3. c3 dxc3 4. Nxc3 d6 5. Bc4 e6 6. Nf3 Nc6 7. Bf4 Nf6 8. e5
Nh5 9. Be3 d5 10. Bb5 g6 11. O-O Ng7 12. Bh6 Nf5 13. Bxf8 Kxf8 14. Bd3 Nfe7 15.
Qd2 Kg7 16. Nb5 a6 17. Nbd4 Bd7 18. Nb3 Be8 19. Rac1 Rf8 20. Rfe1 Nc8 21. Qf4
b5 22. h4 h6 23. g4 Nb6 24. Nc5 Ra7 25. b3 Nb8 26. g5 h5 27. Nd4 Qe7 28. Bf1
N6d7 29. Nxd7 Bxd7 30. Qf6+ Qxf6 31. exf6+ Kg8 32. f4 Rc8 33. Rxc8+ Bxc8 34.
Rc1 Bd7 35. Kf2 Kf8 36. Ke3 Ke8 37. Nf3 Nc6 38. Ne5 Nxe5 39. fxe5 Kd8 40. Kd4
Rb7 41. a3 Ra7 42. Bd3 Be8 43. Rc2 Bd7 44. Rc1 Be8 45. Rc2 1/2-1/2

[Event "WA Class - Expert Section"]
[Site "Redmond, WA"]
[Date "2008.11.29"]
[Round "4"]
[White "May, Andy"]
[Black "MacGregor, Michael"]
[Result "0-1"]
[WhiteElo "2144"]
[BlackElo "2186"]
[PlyCount "130"]
[EventDate "2008.11.30"]
[EventCountry "USA"]
[Source "Bulletin"]
[SourceDate "2009.02.10"]

1. d4 Nf6 2. Nf3 g6 3. Bf4 Bg7 4. e3 b6 5. h3 Bb7 6. Be2 c5 7. O-O O-O 8. c3 d6
9. a4 Nc6 10. Qb3 h6 11. Rd1 cxd4 12. cxd4 Na5 13. Qa3 Nd5 14. Bh2 Rc8 15. Nbd2
Nc6 16. Rac1 a5 17. Nc4 Nf6 18. Ne1 Nb4 19. Nd3 Nfd5 20. Qb3 Nxd3 21. Bxd3 Nb4
22. Na3 Nxd3 23. Qxd3 Qd7 24. Qb3 Qf5 25. Bg3 Bd5 26. Qb5 Qe4 27. Qf1 Bb3 28.
Re1 Bxa4 29. f3 Qb7 30. Qd3 Rxc1 31. Rxc1 Rc8 32. Rc3 Bd7 33. Rb3 b5 34. Rc3
Rxc3 35. bxc3 b4 36. cxb4 axb4 37. Qb3 Be6 38. Qb2 Bd5 39. Nc2 b3 40. Na3 Qb4
41. Kf1 Kh7 42. Be1 Qa4 43. Bc3 Bb7 44. Nb1 Ba6+ 45. Kf2 d5 46. Nd2 Bc4 47. Ke1
e6 48. Nb1 Bf8 49. Kd2 Bb5 50. Ke1 Qc4 51. Kf2 Bd6 52. f4 g5 53. Bd2 Qf1+ 54.
Kg3 Bd3 55. Nc3 Bc2 56. Na4 Qd3 57. Qc1 gxf4+ 58. Kf2 fxe3+ 59. Bxe3 Qg6 60.
Nc3 Qg3+ 61. Kg1 Bd3 62. Qd2 Bf5 63. Ne2 Qh2+ 64. Kf1 Be4 65. Ng1 Qxg2+ 0-1

[Event "WA Class - Expert Section"]
[Site "Redmond, WA"]
[Date "2008.11.28"]
[Round "2"]
[White "May, Andy"]
[Black "Wang, Michael"]
[Result "1-0"]
[WhiteElo "2144"]
[BlackElo "1960"]
[PlyCount "75"]
[EventDate "2008.11.30"]
[EventCountry "USA"]
[Source "Bulletin"]
[SourceDate "2009.02.10"]

1. e4 c5 2. Nc3 Nc6 3. f4 d6 4. Nf3 e6 5. d3 Nf6 6. g3 d5 7. Bg2 Qb6 8. O-O d4
9. Ne2 c4 10. h3 cxd3 11. cxd3 Bc5 12. Kh1 Bd7 13. g4 O-O-O 14. a3 h5 15. g5
Ng4 16. b4 Be7 17. hxg4 hxg4+ 18. Nh2 Rh4 19. Rf2 Rdh8 20. Bf1 f5 21. e5 Bxg5
22. fxg5 Nxe5 23. Bf4 Bc6+ 24. Kg1 Nf3+ 25. Rxf3 gxf3 26. Bg3 fxe2 27. Qxe2
R4h5 28. Qxe6+ Kd8 29. Re1 Bd7 30. Qe7+ Kc8 31. Rc1+ Bc6 32. b5 g6 33. bxc6
bxc6 34. Qe6+ Kb7 35. Qd7+ Ka8 36. Rxc6 Qb7 37. Bg2 Qb1+ 38. Rc1+ 1-0

[Event "WA Class - Expert Section"]
[Site "Redmond, WA"]
[Date "2008.11.29"]
[Round "4"]
[White "Milner, Arie"]
[Black "Wang, Michael"]
[Result "1/2-1/2"]
[WhiteElo "1962"]
[BlackElo "1960"]
[PlyCount "72"]
[EventDate "2008.11.30"]
[EventCountry "USA"]
[Source "Bulletin"]
[SourceDate "2009.02.10"]

1. e4 c5 2. Nf3 d6 3. Bb5+ Bd7 4. Bxd7+ Qxd7 5. O-O Nc6 6. d4 cxd4 7. Nxd4 g6
8. Nc3 Bg7 9. Be3 Nf6 10. f3 O-O 11. Qd2 Rfd8 12. Rad1 Ne5 13. Qe2 a6 14. Bf4
Qc7 15. Bxe5 dxe5 16. Nb3 b5 17. Rxd8+ Rxd8 18. Rd1 Rxd1+ 19. Qxd1 Bh6 20. Qd3
e6 21. Nd1 Ne8 22. Nd2 Qa5 23. Nc3 b4 24. Nd1 Qxa2 25. Nb3 Qb1 26. Kf2 Bc1 27.
Kg3 Bxb2 28. Nxb2 Qxb2 29. Qd8 Qxc2 30. Qxe8+ Kg7 31. Qa4 a5 32. Qxa5 Qxb3 33.
Qxe5+ Kf8 34. Qb8+ Ke7 35. Qc7+ Ke8 36. Qc8+ Ke7 1/2-1/2

[Event "WA Class - Expert Section"]
[Site "Redmond, WA"]
[Date "2008.11.29"]
[Round "3"]
[White "Wang, Michael"]
[Black "Pitre, HG."]
[Result "0-1"]
[WhiteElo "1960"]
[BlackElo "1860"]
[PlyCount "116"]
[EventDate "2008.11.30"]
[EventCountry "USA"]
[Source "Bulletin"]
[SourceDate "2009.02.10"]

1. c4 Nf6 2. Nc3 c6 3. e4 d5 4. cxd5 cxd5 5. e5 d4 6. Nb5 Ng4 7. Nf3 Nc6 8. Qa4
Bd7 9. e6 fxe6 10. Nfxd4 e5 11. Nxc6 bxc6 12. Nc3 Qb6 13. Ne4 Qd4 14. Qxd4 exd4
15. Ng5 c5 16. h3 Ne5 17. f4 Nf7 18. Nxf7 Kxf7 19. Bc4+ Ke8 20. O-O Rb8 21. a4
Rb4 22. b3 e6 23. Re1 Bd6 24. Ba3 Rxc4 25. bxc4 Rf8 26. Re4 Ke7 27. g3 h5 28.
Rae1 g6 29. g4 Rb8 30. f5 gxf5 31. gxf5 Rg8+ 32. Kf1 e5 33. Rxe5+ Bxe5 34.
Rxe5+ Kf6 35. Rxc5 Bxf5 36. Rc6+ Ke5 37. h4 Bh3+ 38. Ke2 Rg2+ 39. Ke1 Ke4 40.
Rf6 Rg1+ 41. Ke2 d3+ 42. Kf2 Rf1+ 43. Kg3 Rxf6 44. Kxh3 Kf3 45. Bc5 Rc6 46.
Bxa7 Rxc4 47. a5 Ra4 48. Bb6 Ra2 49. Be3 Rxa5 50. Kh2 Re5 51. Bg5 Re1 52. Bh6
Rd1 53. Be3 Ke2 54. Kg3 Rxd2 55. Bc5 Rc2 56. Bb4 Rc4 57. Ba5 Rg4+ 58. Kh3 d2
0-1

[Event "WA Class - Expert Section"]
[Site "Redmond, WA"]
[Date "2008.11.28"]
[Round "1"]
[White "Wang, Michael"]
[Black "Wilson, Matthew"]
[Result "1-0"]
[WhiteElo "1960"]
[BlackElo "1863"]
[PlyCount "159"]
[EventDate "2008.11.30"]
[EventCountry "USA"]
[Source "Bulletin"]
[SourceDate "2009.02.10"]

1. c4 c5 2. Nc3 Nf6 3. g3 d5 4. cxd5 Nxd5 5. Qb3 Nb4 6. Bg2 e6 7. Nf3 Be7 8.
O-O O-O 9. a3 N4c6 10. d3 Nd7 11. Rd1 Nf6 12. Bf4 Nd5 13. Nxd5 Qxd5 14. Qc2 Qd8
15. Be3 Nd4 16. Bxd4 cxd4 17. Qc4 Bf6 18. Nd2 Qb6 19. b4 Bd7 20. Ne4 Rac8 21.
Qb3 Be7 22. Rac1 a5 23. Rb1 axb4 24. axb4 Bc6 25. Nd2 Bxg2 26. Kxg2 Rc3 27. Qb2
Rfc8 28. b5 Rc2 29. Qb3 Qc5 30. Nc4 Qd5+ 31. Kg1 Rxe2 32. Ra1 Qf3 33. Rf1 Bc5
34. Qd1 Qh5 35. Ra2 Re5 36. Nxe5 Qxe5 37. Qf3 Qc7 38. Rc2 Qb6 39. Rb1 Ra8 40.
Rbc1 Bd6 41. Rc8+ Rxc8 42. Rxc8+ Bf8 43. Rb8 Qxb5 44. Rxb7 Qe8 45. Ra7 e5 46.
Qd5 Qe6 47. Qxe6 fxe6 48. Ra5 Bd6 49. Ra6 Be7 50. Rxe6 Bf6 51. Kg2 Kf7 52. Rb6
Kg6 53. Kf3 Kf5 54. g4+ Kg5 55. Kg3 Kg6 56. f4 exf4+ 57. Kxf4 h6 58. h4 Kf7 59.
Rxf6+ Kxf6 60. Ke4 h5 61. gxh5 Ke6 62. Kf4 Kf6 63. Kg4 Ke6 64. Kf4 Kf6 65. Ke4
Ke6 66. Kxd4 Kf5 67. Kd5 Kg4 68. Ke6 Kxh5 69. d4 Kxh4 70. d5 g5 71. d6 g4 72.
d7 g3 73. d8=Q+ Kh3 74. Qd1 Kh2 75. Qh5+ Kg1 76. Kf5 g2 77. Kf4 Kf2 78. Qf3+
Kg1 79. Kg3 Kh1 80. Qxg2# 1-0

[Event "WA Class - Expert Section"]
[Site "Redmond, WA"]
[Date "2008.11.28"]
[Round "2"]
[White "Wilson, Matthew"]
[Black "Milner, Arie"]
[Result "1-0"]
[WhiteElo "1863"]
[BlackElo "1962"]
[PlyCount "95"]
[EventDate "2008.11.30"]
[EventCountry "USA"]
[Source "Bulletin"]
[SourceDate "2009.02.10"]

1. e4 e5 2. Nf3 Nc6 3. Bb5 a6 4. Ba4 Nf6 5. O-O Bc5 6. c3 b5 7. Bc2 d6 8. h3
O-O 9. d4 Bb6 10. Be3 Nd7 11. Nbd2 Bb7 12. Re1 Qe7 13. Nf1 Rfe8 14. Ng3 g6 15.
Nh2 Nf6 16. d5 Nb8 17. Bg5 h6 18. Bxh6 Nh7 19. Bc1 Bc8 20. a4 Qh4 21. Be3 Ng5
22. Nf3 Nxf3+ 23. Qxf3 Bxe3 24. Qxe3 Bd7 25. axb5 Bxb5 26. Bd3 Bd7 27. Nf1 Kg7
28. Qg3 Qh6 29. Ne3 Kh8 30. Ng4 Bxg4 31. Qxg4 Rg8 32. Ra2 f5 33. exf5 gxf5 34.
Qxf5 a5 35. Ra4 Na6 36. Bxa6 Raf8 37. Qd3 Qf6 38. Qe3 Rg7 39. Be2 Rgf7 40. Rf1
Rh7 41. Bg4 Rg8 42. f3 Qh4 43. Rxa5 Qg3 44. Qf2 Qf4 45. Re1 Rf7 46. Qe3 Qg3 47.
Qf2 Qf4 48. Be6 1-0